000 00414nam a2200145Ia 4500
999 _c5800
_d5800
020 _a9780443103735
082 _a611
_bJAC
_21st
100 _aS.Jacob
245 0 _aHuman Anatomy A clinicalally-orientated approach
_cS.Jacob
260 _aEdinburgh
_bChurchill livingstone Elsevier
_c2007
300 _a235
440 _aHuman Anatomy A clinicalally-orientated approach
650 _aAnatomy
942 _cBK
_2ddc
_e1st